In italiano : Unitá 9 /

Guardado en:
Autor Principal: Glamuzina, Karmen
Formato: Deslizar
Series:Corso di lingua e civilitá
Materias:
Etiquetas: Agregar Etiqueta
Sin Etiquetas, Sea el primero en etiquetar este registro!
LEADER 00770ngm a22002175g 4500
001 CEM.cems022161
008 130507b1996##################0###0#####d
005 20241007175831.0
245 1 0 |a In italiano :  |b Unitá 9 /  |c Karmen Glamuzina. 
300 |a 21'. 
490 1 |a Corso di lingua e civilitá 
500 |a En soporte VHS, consultar en ventanilla. 
505 0 |a Unitá 9. Imperfeto e trapassatto prossimo. Elementi di civilitá: cine italiano. 
538 |a Soporte: VHS - Norma: Pal N - Color - Grabación DRD 1996 - Hitachi=3935 
100 1 |a Glamuzina, Karmen 
082 4 5 |/ RAI-2 
653 |a LENGUA Y LITERATURA 
653 |a IDIOMA 
653 |a ITALIANO 
653 |a NIVEL SECUNDARIO 
859 |a CEMS  |b BIB. CEMS - Depto. Recursos Didacticos  |h 451  |i RAI-2  |k DRD  |p 804.12  |t Ej.1